00477nam a2200169Ia 4500003000400000005001700004008004100021020001500062040000700077041000800084082002300092100003700115245008600152260004000238300001600278365001300294OSt20230624110209.0210423s9999 xx 000 0 und d a8173714282 cAL aeng a547.028 223bAHLV aAHLUWALIA (V K);AGGARWAL (Renu). aComprehensive practical organic chemistry: preparation and quantitative analysis. aHyderabadbUniversities Pressc2009 axix,312bPB b250cINR